Welcome to the Holygrace Academy Library

Please use search bar below to get started

NANCY DREW - UNCIVIL ACTS (Record no. 7861)

MARC details
000 -LEADER
fixed length control field 00584nam a22001457a 4500
020 ## - INTERNATIONAL STANDARD BOOK NUMBER
ISBN 978-0-689-86937-2
082 ## - DEWEY DECIMAL CLASSIFICATION NUMBER
Classification number 823
Item number KEE/N
100 ## - MAIN ENTRY--AUTHOR NAME
Personal name KEENE CAROLYN
245 ## - TITLE STATEMENT
Title NANCY DREW - UNCIVIL ACTS
260 ## - PUBLICATION, DISTRIBUTION, ETC. (IMPRINT)
Place of publication NEW YORK
Name of publisher ALADDIN PAPERBACKS
Year of publication 2005
300 ## - PHYSICAL DESCRIPTION
Number of Pages 146
520 ## - SUMMARY, ETC.
Summary, etc It feels like war fever's taken over. The tension started to build when we all chose sides. Confederate and Union sympathizers never did mix. And if that wasn't enough to heat things up, someone started to secretly dig large holes in the battlefield.
650 ## - SUBJECT ADDED ENTRY--TOPICAL TERM
Topical Term DETECTIVE
Geographic subdivision UNITED STATES
942 ## - ADDED ENTRY ELEMENTS (KOHA)
Koha item type Books
Holdings
Withdrawn status Lost status Collection code Home library Current library Shelving location Date acquired Source of acquisition Cost, normal purchase price Full call number Accession Number Koha item type
    Fiction Main Library Main Library NEW SHELF WITH NEW ENTRY 20/11/2023 purchase 250.00 823 KEE/N 13449 Books